000 00272nam a22001097a 4500
008 240529b |||||||| |||| 00| 0 eng d
100 _aSharma, Vishnu
_914815
245 _aAmar Virta je Rah Me
260 _aBombay:
_bLok Sewa Mandal;
_c1965.
300 _a34p.
942 _cBK
999 _c38330
_d38330